Demokracie v právním státě? /

Hlavní autor: Dahl, Robert A., 1915-2014
Další autoři: Čulík, Jan, 1925-1995
Jazyk: Čeština
Vydáno: Praha : Readers International Prague, 1995
Témata:
Externí odkaz: Digitalizovaný dokument
Fyzický popis: 121 stran ; 21 cm
Knihy
Uloženo v:
LEADER 01481nam a2200421 i 4500
001 001939422
003 CZ BrMZK
005 20250909071227.0
007 ta
008 250623s1995 xr e 000 0 cze
015 |a cnb000112978 
020 |a 80-901813-1-7  |q (brožováno) 
035 |a (OCoLC)36881817 
040 |a BOA001  |b cze  |e rda 
041 1 |a cze  |h eng 
072 7 |a 321  |x Politologie  |2 Konspekt  |9 15 
080 |a 321.7+342.34  |2 MRF 
080 |a (048.8)  |2 MRF 
100 1 |a Dahl, Robert A.,  |d 1915-2014  |7 jn19990001596  |4 aut 
240 1 0 |a After the revolution?.  |l Česky 
245 1 0 |a Demokracie v právním státě? /  |c Robert A. Dahl ; přeložil Jan Čulík 
264 1 |a Praha :  |b Readers International Prague,  |c 1995 
300 |a 121 stran ;  |c 21 cm 
336 |a text  |b txt  |2 rdacontent 
337 |a bez média  |b n  |2 rdamedia 
338 |a svazek  |b nc  |2 rdacarrier 
500 |a Přeloženo z angličtiny 
504 |a Obsahuje bibliografické odkazy 
650 0 7 |a demokracie  |7 ph117182  |2 czenas 
650 0 9 |a democracy  |2 eczenas 
655 7 |a studie  |7 fd133597  |2 czenas 
655 9 |a studies  |2 eczenas 
700 1 |a Čulík, Jan,  |d 1925-1995  |7 jo20000075585  |4 trl 
856 4 1 |u http://www.digitalniknihovna.cz/mzk/uuid/uuid:bb72b110-f65f-11e5-8d5f-005056827e51  |y Digitalizovaný dokument  |x NDK 
910 |a BOA001  |b 2-1547.125 
990 |a BK 
991 |b 202509 
996 6 |b 2611006613  |c 2-1547.125  |l MZK  |r Sklad / do 1 hodiny  |n 0  |p kupd  |w 002009518  |u 000010  |a 1  |e BOA001  |j MZK50  |s P